Quiz o Iwoniczu-Zdroju - Statystyki

Ogólne statystyki
  • Ten quiz został rozwiązany 79 razy
  • Średni wynik to 9 z 15
Statystyki odpowiedzi
Pytanie Odpowiedź % Poprawnych
W jakim powiecie leży Iwonicz-Zdrój? Krośnieńskim
87%
Jakie miasto na prawach powiatu leży najbliżej Iwonicza-Zdroju? Krosno
87%
W którym wieku Iwonicz-Zdrój otrzymał prawa miejskie? XX
80%
Iwonicz-Zdrój jest jednym z dwóch ....... w powiecie uzdrowisk
73%
Jakie jest największe miasto, z którym Iwonicz-Zdrój ma połączenie autobusowe lub busowe? Warszawa
73%
Co zbudowano u podnóży powyższego? Amfiteatr
67%
W jakim pasmie górskim leży Iwonicz-Zdrój? Beskid Niski
67%
Najbardziej profesjonalny obiekt w woj. podkarpackim leżący w Iwoniczu-Zdroju. Niestety już zniszczony. Skocznia narciarska
67%
Nad jakim potokiem leży to miasto? Iwoniczanka
60%
Jak nazywa się najwyższe wzniesienie otaczające Iwonicz-Zdrój? Przymiarki (611 m n.p.m.)
60%
Jakie jest jedyne miasto partnerskie Iwonicza-Zdroju? Baranów Sandomierski
47%
Jak nazywa się najstarsze i najsłynniejsze źródło wody w Iwoniczu-Zdroju? Bełkotka
47%
Jak nazywał się dawny klub skoków narciarskich w Iwoniczu-Zdroju? Górnik Iwonicz-Zdrój
47%
Jak jest po niemiecku Iwonicz-Zdrój? Iwonitz-Bad
40%
Kto jest burmistrzem tego miasta? Grzegorz Nieradka
20%
Nie znaleziono quizów pasujących do podanych kryteriów
Rozkład punktacji
Procent ludzi z każdym wynikiem
Percentyl według liczby udzielonych odpowiedzi
Twoja historia wyników
Nie rozwiązałeś tego quizu